000
00289nam a22001337a 4500
003
SGT
082
_a
370
_b
H15R
100
_a
RAY CHOUDHARY, S.C.
245
_a
HISTORY OF ANCIENT INDIA
260
_a
NEW DELHI
_b
SURJEET PUB
_c
2015
300
_a
149
650
_a
EDUCATION
942
_2
ddc
_c
BK
999
_c
12488
_d
12488